00918nam a2200229 a 450000100060000000300090000600800410001502000150005604000280007108200190009910000350011824500560015326000310020930000100024065000350025065000530028565000470033894200120038599900170039795201410041495201330055524076CO-ViMGA141112s2004 ck r 000 u spa d a9879208676 aCO-ViMGAbspacCO-ViMGA04a616.8552 A537t1 aAlessandri, Maria Laura93506110aTrastornos del Lenguaje / cMaria Laura, Alessandri aArgentina : bLesa Calidad a281p.14aDESARROLLO DEL LENGUAJE93149814aTRASTORNOS DE LA COMUNICACION EN NIÑOS 93506214aTRASTORNOS DEL LENGUAJE EN NIÑOS 935063 2ddccBK c32132d32132 00102ddc40708002aMEVIECARbMEVIECARd2015-12-04h16/nov/2011l0o616.8552 A537t p25059r2015-12-04 00:00:00tEj. 1w2015-12-04yBK 00102ddc40708001aMEACACIAbMEACACIAcGENd2026-02-27l0o616.8552 A53tpACA04869r2026-02-27 14:49:30tEj.1w2026-02-27yBK